Największe miasta w Nigrze - Statystyki

Ogólne statystyki
  • Ten quiz został rozwiązany 15 razy
  • Średni wynik to 3 z 7
Statystyki odpowiedzi
Ludność Miasto % Poprawnych
1 302 910 Niamey
100%
124 324 Agadez
40%
274 530 Zinder
40%
112 432 Arlit
20%
91 488 Dosso
20%
206 414 Maradi
20%
123 373 Tahoua
20%
Nie znaleziono quizów pasujących do podanych kryteriów
Rozkład punktacji
Procent ludzi z każdym wynikiem
Percentyl według liczby udzielonych odpowiedzi
Twoja historia wyników
Nie rozwiązałeś tego quizu